000 00604nam a2200229Ia 4500
003 OSt
005 20220926045013.0
006 a|||||r|||| 00| 0
007 ta
008 220923b |||||||| |||| 00| 0 eng d
037 _cGeneral Book
040 _aRTL
_cRTL
_beng
041 _2eng
_aeng
082 _aX415.2r, J6.1
110 _aIndia, Railways (M/O)
_9349740
245 0 _aRailway board on Indian railways for 1954-55
260 _c1956
300 _a131p
_ccm.
700 _aIndia, Railways (M/O)
_9349741
942 _hX415.2r, J6.1
_cGB
_2CC
999 _c676444
_d676444